| 000 | 00632nam a22001815i 4500 | ||
|---|---|---|---|
| 001 | 154368 | ||
| 003 | ES-MaACL | ||
| 005 | 20250117133106.0 | ||
| 008 | 961110q1900 xxk |||| | eng d | ||
| 080 | _a821.112.2-31"17" | ||
| 100 | 1 |
_aGoethe, Johann Wolfgang von, _d1749-1832 _957568 |
|
| 245 | 1 | 0 |
_aWilhelm Meister's apprenticeship and travel / _ctranslated from the German of Goethe by Thomas Carlyle. |
| 260 |
_aLondon : _bChapman & Hall, _c[ca. 1900] |
||
| 300 |
_a3 v. ; _c18 cm. |
||
| 700 | 0 |
_aCarlyle, Thomas, _d1795-1881 _935316 |
|
| 852 |
_aES-MaACL _jG-10556-58 _z- Enc. editorial en tela |
||
| 999 |
_c154368 _d154368 |
||